| 000 | 00371pam a2200157a 44500 | ||
|---|---|---|---|
| 008 | 230515b1987 xxu||||| |||| 00| 0 eng d | ||
| 020 | _aNULL | ||
| 041 | _aENGLISH | ||
| 082 | _a621.317 VIT | ||
| 100 | _aVITKOVITSKYIHAR M | ||
| 245 | _aHIGH POWER SWITCHING | ||
| 250 | _a1 | ||
| 260 |
_a _bVAN NOSTRAND REINHOLD COMPANY LTD _c1987 |
||
| 300 | _a303 | ||
| 650 | _aNULL | ||
| 999 |
_c638069 _d638069 |
||